| 000 | 00908nam a2200217Ia 4500 | ||
|---|---|---|---|
| 003 | Ost | ||
| 005 | 20260507075027.0 | ||
| 008 | 260507s9999||||xx |||||||||||||| ||und|| | ||
| 020 | _a×915160977 | ||
| 040 | _cfsecg | ||
| 041 | _aara | ||
| 082 | _a330 | ||
| 100 |
_aصادق، هشام علي _eمؤلف |
||
| 245 | 0 |
_aالحماية الدولية للمال الأجنبي / _c هشام علي صادق |
|
| 260 |
_aالإسكندرية: _bدار الفكر الجامعي, _c2002 |
||
| 300 |
_a375 صفحة؛ _bإيضاحات ؛ _c25 سم |
||
| 520 | _aالصور المألوفة لإجراءات أخذ الملكية الخاصة وتقييدها- الحد الأدنى للحماية الدولية للمال الأجنبي- رفع الحد الأدنى للحماية الدولية الأجنبية | ||
| 653 | _aالأموال | ||
| 653 | _aالملكية الخاصة | ||
| 942 | _cكتاب | ||
| 999 |
_c42347 _d42347 |
||